000 00660nam a2200205Ia 4500
005 20260114155024.0
008 008 250103s9999 xx 000 0 eng d
037 _aTheses
040 _aCRL
_beng
_cCRL
041 _aeng
_2eng
084 _qCRL
100 _aSingh Ajit Au.
_9869991
245 0 _aSolar Photovoltaic Cell and Characterisation of Related Materials
260 _aDelhi
_bUniversity of Delhi. Faculty of Inter-Disciplinary&Applied Science. Deptt. of Electronic Science
_c2024
300 _a108p.
650 _aElectronic Science
_9869992
700 _a Tyagi Neeraj Gu. Sanjai Kumar Gu.
_9869993
942 _cTH
999 _c1469707
_d1469707